Migraciones internacionales /
Sparad:
| Övriga upphovsmän: | , , |
|---|---|
| Materialtyp: | Elektronisk E-bok |
| Språk: | spanska |
| Publicerad: |
México, D.F. :
El Colegio de México,
2010.
|
| Upplaga: | Primera edición. |
| Serie: | Grandes problemas de México ;
3. |
| Ämnen: | |
| Länkar: | Digitalia Hispánica |
| Taggar: |
Lägg till en tagg
Inga taggar, Lägg till första taggen!
|
MARC
| LEADER | 00000nam a2200000Ii 4500 | ||
|---|---|---|---|
| 001 | DIGCOLMX0287 | ||
| 003 | NyNyDIG | ||
| 007 | cr ||||||||||| | ||
| 008 | 220127s2010 mx a ob 000 0 spa d | ||
| 006 | m o d | ||
| 035 | |a (OCoLC)915941913 | ||
| 040 | |a DGITA |b eng |e rda |e pn |c DGITA | ||
| 020 | |a 9786074623635 |q eBook | ||
| 020 | |z 9786074621747 | ||
| 043 | |a n-mx--- |a n-us--- | ||
| 050 | 1 | 4 | |a JV7401 ebook |
| 082 | 1 | 4 | |a 304.873072 |
| 245 | 0 | 0 | |a Migraciones internacionales / |c Francisco Alba, Manuel Ángel Castillo y Gustavo Verduzco, coordinadores. |
| 250 | |a Primera edición. | ||
| 264 | 1 | |a México, D.F. : |b El Colegio de México, |c 2010. | |
| 300 | |a 1 online resource : |b illustrations. | ||
| 336 | |a text |b txt |2 rdacontent | ||
| 337 | |a computer |b c |2 rdamedia | ||
| 338 | |a online resource |b cr |2 rdacarrier | ||
| 347 | |a text file |2 rdaft | ||
| 347 | |b EPUB | ||
| 490 | 1 | |a Los grandes problemas de México ; |v III | |
| 504 | |a Includes bibliographical references. | ||
| 588 | 0 | |a Online resource; title from ePub title page (Digitalia, viewed January 27, 2021) | |
| 651 | 0 | |a Mexico |x Emigration and immigration |x History |y 20th century. | |
| 651 | 0 | |a Mexico |x Emigration and immigration |x Economic aspects. | |
| 651 | 0 | |a Mexico |x Emigration and immigration |x Social aspects. | |
| 651 | 0 | |a Mexico |x Emigration and immigration. | |
| 651 | 0 | |a United States |x Emigration and immigration. | |
| 655 | 0 | |a Electronic books. | |
| 700 | 1 | |a Alba, Francisco, |e editor. | |
| 700 | 1 | |a Castillo, Manuel Ángel, |e editor. | |
| 700 | 1 | |a Verduzco, Gustavo, |e editor. | |
| 791 | 2 | |a Digitalia (Firm), |e distributor. | |
| 793 | 0 | |g Digitalia eBook Collection: |a El Colegio de México | |
| 776 | 0 | 8 | |i Print version: |t Migraciones internacionales. |b Primera edición. |d México, D.F. : El Colegio de México, 2010 |z 9786074621747 |
| 830 | 0 | |a Grandes problemas de México ; |v 3. | |
| 856 | 4 | 0 | |3 Digitalia Hispánica |u https://digitalia.unach.elogim.com/a/105647/ |
| 910 | |a Premium collection: 2022 | ||